Category 5 Atlantic Hurricanes by satellite image - Statistics

General Stats
  • This quiz has been taken 154 times
    101 since last reset
  • The average score is 17 of 32
Answer Stats
Picture Hint Answer % Correct
2005 Katrina
99%
1992 Andrew
72%
2025 Melissa
68%
2018 Michael
64%
2017 Irma
59%
2016 Matthew
59%
1969 Camille
58%
2022 Ian
58%
2017 Maria
58%
1989 Hugo
56%
2005 Rita
55%
2005 Wilma
55%
1980 Allen
54%
1979 David
54%
2019 Dorian
53%
1998 Mitch
53%
2004 Ivan
51%
2024 Milton
51%
2024 Beryl
49%
2007 Dean
49%
2025 Erin
49%
1988 Gilbert
49%
2025 Humberto
49%
2005 Emily
47%
2023 Lee
47%
2003 Isabel
46%
2007 Felix
44%
2019 Lorenzo
41%
1977 Anita
35%
1967 Beulah
31%
1966 Inez
31%
1971 Edith
28%
No matching quizzes found
Score Distribution
Percent of People with Each Score
Percentile by Number Answered
Your Score History
You have not taken this quiz since the last reset